000 01463nam a2200325 i 4500
001 768714001
003 CO-MdFUSB
005 20251002174600.0
008 191119t1999 -us |||| |||| 00| 0 eng d
020 _a080109092x
040 _aCO-MdFUSB
_bspa
_cCO-MdFUSB
_dCO-MdFUSBC
_erda
041 _aeng
082 _223
_a251
_bR658
100 _aRobinson, Haddon W.
_eautor
245 _aMaking a difference in preaching
_c/ Haddon W. Robinson ; editado por Scott M. Gibson
264 1 _aEstados Unidos :
_bBaker Books,
_c[1999]
264 4 _c© 1999
300 _a158 páginas
_c; 24 cm
336 _2rdacontent
_atexto
_btxt
337 _2rdamedia
_asin mediación
_bn
338 _2rdacarrier
_avolumen
_bnc
505 _aEl teólogo y el evangelista. -- ¿Tenemos más autoridad? -- Un perfil del clérigo estadounidense. -- Predicando con cojera. --¿Qué es la predicación expositiva? -- Homilética y hermenéutica. -- Combinando el contenido bíblico y la aplicación de la vida. -- Rompiendo el bloque de sermones -- Compitiendo con los reyes de la comunicación. -- Predicando a cada persona en particular. -- Escuchando a los oyentes. -- Predicando sobre los dólares. -- Testimonio de una chequera.
563 _aPasta dura
650 0 _954
_aPredicación
653 _aHomilética
700 _92704
_aGibson, Scott M.
_eeditor
942 _cBK
945 _aJTF-925
_bAEM-53
999 _c65318
_d65318